The research project / (Record no. 9865)

MARC details
000 -LEADER
fixed length control field 00512nam a22001817a 4500
003 - CONTROL NUMBER IDENTIFIER
control field OSt
005 - DATE AND TIME OF LATEST TRANSACTION
control field 20260424085104.0
008 - FIXED-LENGTH DATA ELEMENTS--GENERAL INFORMATION
fixed length control field 260424b |||||||| |||| 00| 0 eng d
020 ## - INTERNATIONAL STANDARD BOOK NUMBER
International Standard Book Number 0-415-20520-4
040 ## - CATALOGING SOURCE
Original cataloging agency DWC-Main lib
Transcribing agency OC
082 ## - DEWEY DECIMAL CLASSIFICATION NUMBER
Edition number 4th edition
Classification number Circ. 808 B459r 2000
100 ## - MAIN ENTRY--PERSONAL NAME
Personal name Berry, Ralph
245 ## - TITLE STATEMENT
Title The research project /
Statement of responsibility, etc. Ralph Berry
260 ## - PUBLICATION, DISTRIBUTION, ETC.
Place of publication, distribution, etc. London and New York
Date of publication, distribution, etc. c2000.
300 ## - PHYSICAL DESCRIPTION
Extent 119 pages ;
Dimensions 22 cm.
504 ## - BIBLIOGRAPHY, ETC. NOTE
Bibliography, etc. note Includes index.
942 ## - ADDED ENTRY ELEMENTS (KOHA)
Source of classification or shelving scheme Dewey Decimal Classification
Koha item type Book Circulation
Edition 4th ed.
Classification part Circ.
Suppress in OPAC No
952 ## - LOCATION AND ITEM INFORMATION (KOHA)
--
Holdings
Withdrawn status Lost status Source of classification or shelving scheme Damaged status Not for loan Home library Current library Shelving location Date acquired Cost, normal purchase price Total Checkouts Full call number Barcode Date last seen Copy number Price effective from Koha item type Uniform Resource Identifier
    Dewey Decimal Classification     College Library College Library Circulation 04/24/2026 0.00   Circ. 808 B459r 2000 CL34521 04/24/2026 c1 04/24/2026 BK-CIRC